Zákon o dani z motorových vozidiel
Daň z motorových vozidiel je jednou z daní, ktorú je povinný platiť podnikateľ, ak používa na podnikanie vozidlo patriace medzi kategórie vymedzené v zákone. Daňovníkom je fyzická osoba alebo právnická osoba, ktorá je ďalej na účely dane z motorových vozidiel k používanému vozidlu identifikovaná pro...
Guardado en:
| Autor principal: | |
|---|---|
| Formato: | Capítulo de libro |
| Lenguaje: | eslovaco |
| Materias: | |
| Etiquetas: |
Sin Etiquetas, Sea el primero en etiquetar este registro!
|
MARC
| LEADER | 00000naa a2200000 4500 | ||
|---|---|---|---|
| 001 | 0300068 | ||
| 005 | 20240626114040.1 | ||
| 041 | 0 | |a slo | |
| 044 | |a SK | ||
| 245 | 1 | 0 | |a Zákon o dani z motorových vozidiel |c Daniela Ivanáková |
| 520 | |a Daň z motorových vozidiel je jednou z daní, ktorú je povinný platiť podnikateľ, ak používa na podnikanie vozidlo patriace medzi kategórie vymedzené v zákone. Daňovníkom je fyzická osoba alebo právnická osoba, ktorá je ďalej na účely dane z motorových vozidiel k používanému vozidlu identifikovaná prostredníctvom zápisu držiteľa v dokladoch vozidla alebo vzťahu k používanému pozidlu. | ||
| 610 | 2 | 0 | |a dane |
| 610 | 2 | 0 | |a vozidlá motorové |
| 610 | 2 | 0 | |a daňovníci |
| 610 | 2 | 0 | |a podnikanie |
| 610 | 2 | 0 | |a úpravy právne |
| 610 | 2 | 0 | |a povinnosť daňová |
| 100 | 1 | |a Ivanáková, Daniela | |